000 00437nam a2200193Ia 4500
005 20240823040214.0
008 240823s9999||||xx |||||||||||||| ||und||
020 _a978-81-8476-233-4
041 _aTAMIL
082 _A158.1 Q2
100 _aMafoi K Pandiarajan
245 0 _aAayirathil Oruvan
250 _a4th
260 _c2012
_bVikadan
500 _aYES
650 _aTamil Books
_bGeneral
942 _cBK
999 _c202537
_d202537